书目信息 |
| 题名: |
场景营城
|
|
| 作者: | 王忠杰 , 高飞 , 王璇 著 | |
| 分册: | ||
| 出版信息: | 北京 科学出版社 2025.01 |
|
| 页数: | xi, 246页 | |
| 开本: | 26cm | |
| 丛书名: | ||
| 单 册: | ||
| 中图分类: | TU984.2 | |
| 科图分类: | ||
| 主题词: | 城市规划--cheng shi gui hua--研究--中国 | |
| 电子资源: | ||
| ISBN: | 978-7-03-080045-9 | |
| 000 | 01740nam0 2200301 450 | |
| 001 | 90526 | |
| 005 | 20250815201620.35 | |
| 010 | @a978-7-03-080045-9@dCNY178.00 | |
| 099 | @aCAL 012025020338 | |
| 100 | @a20250308d2025 em y0chiy50 ea | |
| 101 | 0 | @achi |
| 102 | @aCN@b110000 | |
| 105 | @aabk a 000yy | |
| 106 | @ar | |
| 200 | 1 | @a场景营城@Achang jing ying cheng@e理论与实践@f王忠杰, 高飞, 王璇等著 |
| 210 | @a北京@c科学出版社@d2025.01 | |
| 215 | @axi, 246页@c图 (部分彩图), 地图@d26cm | |
| 306 | @a中国城市规划设计研究院资助出版 | |
| 314 | @a王忠杰, 中国城市规划设计研究院副总工程师、风景院院长, 教授级高级工程师, 北京林业大学特聘校外博士生导师。兼任国家长城文化公园规划建设专家委员, 住建部科技委园林专家委员会委员兼秘书长, 中国风景园林学会规划设计分会会长, 《中国园林》、《自然保护地》和《风景园林》杂志编委。主要研究方向为国家公园与城市生态保护建设、滨海地区资源保护利用、城市更新与城市绿地公园景观规划设计。著译著出版了《催化与转型, “城市修补、生态修复”的理论与实践》《园境》等书籍 ; 独著和合著论文30余篇。主持和参与了《黄帝陵国家文化公园总体规划》《三亚两河景观规划设计》等50余项规划设计项目。荣获住建部华夏科技进步奖, 住建部优秀城乡规划设计奖、中国风景园林优秀规划设计科技进步奖等。 | |
| 320 | @a有书目 (第243-246页) | |
| 330 | @a本书围绕场景营城, 介绍了场景理论的来源、全球实践经验及在中国的发展, 阐述了场景营城的内涵价值、技术体系、规划方法和实施路径, 并通过国内的实践案例介绍了场景营城在城市更新、促进消费、生态保护、乡村发展等领域的多元运用。 | |
| 606 | 0 | @a城市规划@Acheng shi gui hua@x研究@y中国 |
| 690 | @aTU984.2@v5 | |
| 701 | 0 | @a王忠杰@Awang zhong jie@4著 |
| 701 | 0 | @a高飞@Agao fei@4著 |
| 701 | 0 | @a王璇@Awang xuan@4著 |
| 801 | 0 | @aCN@c20250909 |
| 905 | @a河南城建学院图书馆@dTU984.2@eW470@f1 | |
| 场景营城:理论与实践/王忠杰, 高飞, 王璇等著.-北京:科学出版社,2025.01 |
| xi, 246页:图 (部分彩图), 地图;26cm |
| ISBN 978-7-03-080045-9:CNY178.00 |
| 本书围绕场景营城, 介绍了场景理论的来源、全球实践经验及在中国的发展, 阐述了场景营城的内涵价值、技术体系、规划方法和实施路径, 并通过国内的实践案例介绍了场景营城在城市更新、促进消费、生态保护、乡村发展等领域的多元运用。 |
| ● |
| 相关链接 |
|
|
|
正题名:场景营城
索取号:TU984.2/W470
 
预约/预借
| 序号 | 登录号 | 条形码 | 馆藏地/架位号 | 状态 | 备注 |
| 1 | 1624488 | 216244883 | 建筑库201/201建筑库 65排2列1层/ [索取号:TU984.2/W470] | 在馆 |